| 000 | 00379 a2200145 4500 | ||
|---|---|---|---|
| 003 | Nust | ||
| 005 | 20170207153433.0 | ||
| 040 | _cNust | ||
| 082 | _a891.4391 | ||
| 100 | _a Aslam Khokhar | ||
| 245 |
_a Napoleon Bonaparte,- heridvolf hitler ,Banto Masoluni. ... _bTeen Azeem Dictator _cAslam Khokhar |
||
| 260 |
_aLahore _bFiction House |
||
| 300 | _a250:p | ||
| 650 | _aurdu literature | ||
| 942 |
_2ddc _cBK |
||
| 999 |
_c186195 _d186195 |
||